Statistics for Name Every Assassin's Creed Game

Click here to take the quiz!

General Stats

  • This quiz has been taken 202 times
  • The average score is 11 of 13

Answer Stats

YearTitleLocationTime PeriodSetting% Correct
2007Assassin's CreedHoly Land12th centuryThird Crusade
96%
2013Assassin's Creed IV: Black FlagCaribbean18th centuryGolden Age of Piracy
94%
2018Assassin's Creed OdysseyGreece5th century BCPeloponnesian War
92%
2020Assassin's Creed ValhallaEngland9th centuryDanelaw
92%
2017Assassin's Creed OriginsEgypt1st century BCPtolemaic period
91%
2010Assassin's Creed: BrotherhoodRome16th centuryRenaissance
87%
2023Assassin's Creed MirageBaghdad9th centuryAbbasid Caliphate
87%
2015Assassin's Creed SyndicateLondon19th centuryVictorian era
87%
2014Assassin's Creed UnityParis18th centuryFrench Revolution
86%
2009Assassin's Creed IIItaly15th centuryRenaissance
84%
2012Assassin's Creed IIIAmerican colonies18th centuryAmerican Revolution
82%
2014Assassin's Creed RogueNorth Atlantic18th centurySeven Year's War
77%
2011Assassin's Creed: RevelationsConstantinople16th centuryOttoman Empire
76%

Score Distribution

Percentile by Number Answered

Percent of People with Each Score

Your Score History

You have not taken this quiz